| 000 | 01084nac a22003011i 4500 | ||
|---|---|---|---|
| 003 | EG-ScBUE | ||
| 005 | 20221219122247.0 | ||
| 008 | 221219s2003 nyua f 000 0 eng d | ||
| 020 | _a0060536098 (hardcover) | ||
| 020 | _a9780060536091 | ||
| 040 |
_aEG-ScBUE _beng _erda _cEG-ScBUE _dEG-ScBUE |
||
| 082 | 0 | 4 |
_a728.3709146 _bWAT _222 |
| 245 | 0 | 0 |
_aWaterfront retreats / _cedited by Ana G. CaƱizares. |
| 264 | 1 |
_aNew York : _bHarper Design International, _c2003. |
|
| 300 |
_a175 pages : _bcolor illustrations ; _c27 cm |
||
| 336 |
_2rdacontent _atext _btxt |
||
| 337 |
_2rdamedia _aunmediated _bn |
||
| 338 |
_2rdacarrier _avolume _bnc |
||
| 650 | 7 |
_aSeaside architecture. _2BUEsh |
|
| 650 | 7 |
_aLakeside architecture. _2BUEsh |
|
| 650 | 7 |
_aArchitecture, Domestic. _2BUEsh |
|
| 653 | _bENGARC | ||
| 655 | _vReading book | ||
| 700 | 1 |
_aCaƱizares, Ana Cristina G., _eeditor. |
|
| 856 | 4 | 2 |
_3Publisher description _uhttp://www.loc.gov/catdir/description/hc044/2003015582.html |
| 856 | 4 | 2 |
_3Table of contents _uhttp://www.loc.gov/catdir/toc/ecip046/2003015582.html |
| 942 |
_cBB _2ddc |
||
| 999 |
_c3122 _d3122 |
||